| Record ID | ia:parisinbloom0000leda |
| Source | Internet Archive |
| Download MARC XML | https://archive.org/download/parisinbloom0000leda/parisinbloom0000leda_marc.xml |
| Download MARC binary | https://www.archive.org/download/parisinbloom0000leda/parisinbloom0000leda_meta.mrc |
LEADER: 02446cam 2200577Ia 4500
001 ocm24932631
003 OCoLC
005 20200927214123.0
008 911211s1991 fr a b 001 0 eng d
040 $aDPL$beng$cDPL$dUMC$dUKM$dOCL$dOCLCQ$dRMC$dYDXCP$dDRB$dBAKER$dZWZ$dBDX$dOCLCQ$dOCLCO$dOCLCF$dOCLCO$dOCLCQ
015 $aGB9208414$2bnb
020 $a208013518X
020 $a9782080135186
035 $a(OCoLC)24932631
041 1 $aeng$hfre
043 $ae-fr---
050 4 $aSB466.F82$bP3744 1991
082 04 $a914.436104$bL499par
100 1 $aLe Dantec, Denise.
240 10 $aSplendeurs des jardins de Paris.$lEnglish
245 10 $aParis in bloom /$ctext by Denise le Dantec, Jean-Pierre le Dantec ; photographs by Christopher Baker ; [translated from the French by Bambi Ballard].
260 $aParis :$bFlammarion,$c©1991.
300 $a296 pages :$billustrations ;$c31 cm
336 $atext$btxt$2rdacontent
337 $aunmediated$bn$2rdamedia
338 $avolume$bnc$2rdacarrier
500 $aTranslation of: Splendeurs des jardins de Paris.
504 $aIncludes bibliographical references (pages 293-294) and index.
650 0 $aGardens$zFrance$zParis.
650 0 $aGardens$zFrance$zParis$vPictorial works.
651 0 $aParis (France)$xDescription and travel.
651 0 $aParis (France)$vPictorial works.
650 7 $aGardens.$2fast$0(OCoLC)fst00937895
650 7 $aTravel.$2fast$0(OCoLC)fst01155558
651 7 $aFrance$zParis.$2fast$0(OCoLC)fst01205283
650 7 $aJardins$zFrance$zParis (France)$xOuvrages illustrés.$2ram
655 7 $aPictorial works.$2fast$0(OCoLC)fst01423874
700 1 $aLe Dantec, Jean-Pierre,$d1943-
700 1 $aBaker, Christopher.
776 08 $iOnline version:$aLe Dantec, Denise.$sSplendeurs des jardins de Paris. English.$tParis in bloom.$dParis : Flammarion, ©1991$w(OCoLC)608973844
776 08 $iOnline version:$aLe Dantec, Denise.$sSplendeurs des jardins de Paris. English.$tParis in bloom.$dParis : Flammarion, ©1991$w(OCoLC)627718856
938 $aBaker & Taylor$bBKTY$c24.98$d18.74$i208013518X$n0001993033$sactive
938 $aBrodart$bBROD$n43611095$c$50.00
938 $aYBP Library Services$bYANK$n1240982
029 1 $aAU@$b000008858377
029 1 $aAU@$b000045405222
029 1 $aNZ1$b4035657
029 1 $aZWZ$b022361405
029 1 $aUNITY$b080901204
994 $aZ0$bP4A
948 $hNO HOLDINGS IN P4A - 91 OTHER HOLDINGS